| 000 | 00406nam a2200157Ia 4500 | ||
|---|---|---|---|
| 003 | OSt | ||
| 005 | 20230606104459.0 | ||
| 008 | 211028s2010 xx 000 0 und d | ||
| 040 | _cAIMIT LIBRARY | ||
| 041 | _aeng | ||
| 100 |
_aBeulah, G V; Lasrado, Suman. _98228 _e081909 |
||
| 110 |
_aSuman Lasrado _98229 |
||
| 245 | _aBlocking of brute force attacks. | ||
| 260 |
_aMangalore _c2010 |
||
| 942 |
_2ddc _cPRO |
||
| 999 |
_c219783 _d219783 |
||